000 00327nam a22001457a 4500
008 221003b ||||| |||| 00| 0 eng d
020 _a9780133892307
041 _aeng
080 _25th
_a573
082 _a573
100 _a16.1
101 _aBIOLOGY
245 _aBIOLOGY Science for life
_cBELK COLLEEN
942 _2udc
_cBK
999 _c58322
_d58322